Intermediate accounting

Αποθηκεύτηκε σε:
Λεπτομέρειες βιβλιογραφικής εγγραφής
Κύριος συγγραφέας: Mosich, A. N.
Άλλοι συγγραφείς: Larsen, E. John, Meigs, Walter B.
Μορφή: Βιβλίο
Γλώσσα:English
Δημοσίευση: New York : McGraw-Hill, c1982
Έκδοση:5th ed.
Θέματα:
Ετικέτες: Προσθήκη ετικέτας
Δεν υπάρχουν, Καταχωρήστε ετικέτα πρώτοι!

MARC

LEADER 00000cam a2200000 i 4500
001 1/58121
008 950821s1982 eng d
020 |a 0070415803  |c $25.00 (est.) 
035 |l 10028312 
040 |a GR-MY-UA  |b gre  |e aacr 
041 0 |a eng 
082 0 |a 657.044  |2 (19) 
100 1 |a Mosich, A. N. 
245 1 0 |a Intermediate accounting /  |c A.N. Mosich, E. John Larsen 
250 |a 5th ed. 
260 |a New York :   |b McGraw-Hill,   |c c1982 
300 |a xxii, 1114 σ.;  |c 25 εκ. 
500 |a Fourth ed. by Walter B. Meigs, A.N. Mosich, Charles E. Johnson, c1978 
504 |a Περιλαμβάνει ευρετήριο 
650 0 0 |a Accounting. 
700 1 |a Larsen, E. John. 
700 1 |a Meigs, Walter B. 
852 |a INST  |b CHIOS  |e 19950821  |h 657.044 MOS  |p 005200004718  |q 005200004718  |t BK  |y 0 
852 |a INST  |b CHIOS  |e 19950821  |h 657.044 MOS  |p 005200004719  |q 005200004719  |t BK  |y 0 
909 |a Χ  |b 005325 
909 |a Χ  |b 000068